000 00295nam a22001337a 4500
008 170220b xxu||||| |||| 00| 0 eng d
020 _a9780827370227
041 _aeng
080 _23ED
_a615
100 _a5
101 _aSHF
245 _aESSENTIALS OF PHARMACOLOGY
_cWOODROW
942 _2udc
_cBK
999 _c5770
_d5770